000
00230nmm a2200085Ia 4500
008
220120s9999||||xx |||||||||||||||||und||
100
_a
Winston, Wayne, L
245
0
_a
Operations research: aoolications and algorithms
260
_c
2003
999
_c
139368
_d
139368